[Event "BCF-chT4S 1819 (4NCL)"]
[Site "England"]
[Date "2018.11.18"]
[Round "2.15"]
[White "Fowler, Hugo"]
[Black "Portman, Carl S"]
[Result "0-1"]
[WhiteElo "1799"]
[BlackElo "1967"]
[PlyCount "64"]
[EventDate "2018.11.17"]
[EventType "team-swiss"]
[EventRounds "11"]
[EventCountry "ENG"]
[SourceTitle "EXT 2021"]
[Source "ChessBase"]
[SourceDate "2020.10.23"]
[SourceVersion "1"]
[SourceVersionDate "2020.10.23"]
[SourceQuality "1"]
[WhiteTeam "West is Best III"]
[BlackTeam "Shropshire II"]
[WhiteTeamCountry "ENG"]
[BlackTeamCountry "ENG"]

1. e4 e6 2. d4 d5 3. e5 c5 4. c3 Nc6 5. Nf3 Bd7 6. Be2 cxd4 7. cxd4 Bb4+ 8. Nc3 Nh6 9. Bxh6 gxh6 10. Qd2 Qa5 11. Rc1 0-0-0 12. a3 Bxc3 13. Rxc3 Kb8 14. b4 Qb6 15. Rc5 Rdg8 16. 0-0 Ne7 17. Qxh6 Rg6 18. Qf4 Rhg8 19. Nh4 R6g7 20. g3 a6 21. Rfc1 Bb5 22. Bxb5 axb5 23. h3 Nc6 24. Qe3 Rg5 25. Qd3 Rh5 26. Kh2 Rg7 27. Nf3 Na7 28. Nd2 Rf5 29. f4 f6 30. Rxd5 exd5 31. Qxf5 Qxd4 32. exf6 Qxd2+ 0-1

[Event "NATO-ch 29th"]
[Site "Lubbock"]
[Date "2018.06.07"]
[Round "6"]
[White "Portman, Carl S"]
[Black "Van den Heuvel, Tonnie"]
[Result "1/2-1/2"]
[WhiteElo "1886"]
[BlackElo "1832"]
[PlyCount "24"]
[EventDate "2018.06.04"]
[EventType "swiss"]
[EventRounds "7"]
[EventCountry "USA"]
[SourceTitle "EXT 2019"]
[Source "ChessBase"]
[SourceDate "2018.10.10"]
[SourceVersion "1"]
[SourceVersionDate "2018.10.10"]
[SourceQuality "1"]

1. d4 b6 2. c4 Bb7 3. Nf3 e6 4. g3 f5 5. Bg2 Nf6 6. 0-0 Be7 7. Nc3 d6 8. d5 exd5 9. cxd5 0-0 10. Nd4 Qd7 11. Qc2 g6 12. b4 c6 1/2-1/2

[Event "Wakefield 4NCL op-B 14th"]
[Site "Wokefield"]
[Date "2017.07.16"]
[Round "4"]
[White "Portman, Carl S"]
[Black "Gibbs, Dominic V"]
[Result "1/2-1/2"]
[WhiteElo "1887"]
[BlackElo "1838"]
[PlyCount "73"]
[EventDate "2017.07.14"]
[EventType "swiss"]
[EventRounds "5"]
[EventCountry "ENG"]
[SourceTitle "EXT 2018"]
[Source "ChessBase"]
[SourceDate "2017.10.13"]
[SourceVersion "1"]
[SourceVersionDate "2017.10.13"]
[SourceQuality "1"]

1. e4 d6 2. Nf3 g6 3. Nc3 Bg7 4. Be2 c5 5. d3 e6 6. Be3 Ne7 7. Qd2 Nbc6 8. h4 h6 9. d4 b6 10. 0-0-0 Bb7 11. Bb5 a6 12. Bxc6+ Nxc6 13. Rhe1 Kf8 14. d5 exd5 15. Qxd5 Na5 16. Qxd6+ Qxd6 17. Rxd6 Nc4 18. Rdd1 Bxc3 19. bxc3 Nxe3 20. Rxe3 Ke7 21. Red3 Rhd8 22. Rxd8 Rxd8 23. Rxd8 Kxd8 24. Nd2 Ke7 25. Kd1 b5 26. a3 g5 27. hxg5 hxg5 28. Ke2 Kd6 29. Ke3 f6 30. f3 Bc8 31. g3 Be6 32. f4 gxf4+ 33. gxf4 a5 34. Kd3 Bf7 35. Ke3 a4 36. Kd3 Bh5 37. Nf1 1/2-1/2

[Event "Wakefield 4NCL op-B 14th"]
[Site "Wokefield"]
[Date "2017.07.14"]
[Round "1"]
[White "Di Vetta, Andrew"]
[Black "Portman, Carl S"]
[Result "0-1"]
[WhiteElo "1605"]
[BlackElo "1887"]
[PlyCount "80"]
[EventDate "2017.07.14"]
[EventType "swiss"]
[EventRounds "5"]
[EventCountry "ENG"]
[SourceTitle "EXT 2018"]
[Source "ChessBase"]
[SourceDate "2017.10.13"]
[SourceVersion "1"]
[SourceVersionDate "2017.10.13"]
[SourceQuality "1"]

1. c4 e6 2. Nf3 f5 3. d4 Nf6 4. a3 b6 5. Nc3 Bb7 6. Bf4 Be7 7. h3 0-0 8. e3 Ne4 9. Qc2 d6 10. Bd3 Nxc3 11. Qxc3 Nd7 12. Rg1 Bf6 13. Qc2 e5 14. Bxf5 exf4 15. Bxh7+ Kh8 16. 0-0-0 fxe3 17. fxe3 Qe7 18. Rde1 Rae8 19. e4 Bg5+ 20. Kb1 Kxh7 21. e5+ Kg8 22. e6 Nb8 23. d5 c6 24. Qg6 Bh6 25. Rd1 cxd5 26. cxd5 Qf6 27. Qd3 Qf5 28. Rge1 Qxd3+ 29. Rxd3 Na6 30. Red1 Nc7 31. Nh4 Bxd5 32. Rxd5 Nxd5 33. Rxd5 Rxe6 34. Nf3 Rc8 35. g4 Bf4 36. Nh4 Rc1+ 37. Ka2 Be5 38. Nf3 Rc2 39. Nd4 Bxd4 40. Rxd4 Rh2 0-1

[Event "Birmingham 4NCL op-B 1st"]
[Site "Birmingham"]
[Date "2015.01.31"]
[Round "3"]
[White "Szymanski, Mark"]
[Black "Portman, Carl S"]
[Result "1/2-1/2"]
[WhiteElo "1839"]
[BlackElo "1981"]
[PlyCount "107"]
[EventDate "2015.01.30"]
[EventType "swiss"]
[EventRounds "5"]
[EventCountry "ENG"]
[SourceTitle "EXT 2023"]
[Source "ChessBase"]
[SourceDate "2022.10.05"]
[SourceVersion "1"]
[SourceVersionDate "2022.10.05"]
[SourceQuality "1"]

1. e4 e6 2. d4 d5 3. Nc3 Nf6 4. e5 Nfd7 5. f4 c5 6. Nf3 Nc6 7. Be3 a6 8. Qd2 b5 9. dxc5 Bxc5 10. Bxc5 Nxc5 11. Nd4 Bb7 12. Nxc6 Bxc6 13. Bd3 d4 14. Nd1 Qd5 15. 0-0 0-0 16. Rf3 f5 17. Qe2 Rac8 18. Nf2 Na4 19. Rg3 Nxb2 20. Nh3 Rc7 21. Qh5 Be8 22. Qh4 Nxd3 23. cxd3 Qd7 24. Ng5 g6 25. Rh3 h5 26. Nf3 Rf7 27. Qg5 Qe7 28. Rxh5 Rg7 29. Rh3 Qxg5 30. Nxg5 Rc6 31. Nf3 Rd7 32. Rg3 Rc3 33. Ng5 Bf7 34. h4 Kf8 35. Kf2 Rdc7 36. Ke2 Rc2+ 37. Kd1 Rf2 38. Nf3 Rf1+ 39. Ne1 Rxf4 40. Nf3 Be8 41. Rb1 a5 42. Rb2 b4 43. Ke2 Ke7 44. Rg5 Bc6 45. Rxg6 Bxf3+ 46. gxf3 Rxh4 47. Kf1 Rc5 48. Rg7+ Kd8 49. Ra7 Rh1+ 50. Kg2 Rhc1 51. Kg3 R1c2 52. Rb1 Rc1 53. Rb2 R1c2 54. Rb1 1/2-1/2

[Event "BCF-ch 5-day op AM Week 2"]
[Site "Torquay"]
[Date "2013.08.06"]
[Round "2"]
[White "Portman, Carl S"]
[Black "Simons, Martin J"]
[Result "1/2-1/2"]
[WhiteElo "1974"]
[BlackElo "2118"]
[PlyCount "52"]
[EventDate "2013.08.05"]
[EventType "swiss"]
[EventRounds "5"]
[EventCountry "ENG"]
[SourceTitle "EXT 2023"]
[Source "ChessBase"]
[SourceDate "2022.10.05"]
[SourceVersion "1"]
[SourceVersionDate "2022.10.05"]
[SourceQuality "1"]

1. e4 d5 2. exd5 Nf6 3. d4 Bg4 4. f3 Bf5 5. Bb5+ Nbd7 6. Ne2 Nxd5 7. Ng3 Bg6 8. Bd3 e6 9. c3 c5 10. 0-0 Qb6 11. Bxg6 hxg6 12. c4 Nc7 13. d5 0-0-0 14. Nc3 Nf6 15. Nge4 exd5 16. Na4 Qc6 17. cxd5 Nfxd5 18. b3 Ne3 19. Qxd8+ Kxd8 20. Bxe3 Ne6 21. Rfd1+ Ke8 22. Rd2 Be7 23. Rad1 b6 24. Nac3 Kf8 25. Nd5 Bd8 26. Nf4 Bc7 1/2-1/2

[Event "Gibraltar Challengers Week1"]
[Site "Gibraltar"]
[Date "2007.01.24"]
[Round "2"]
[White "Portman, Carl S"]
[Black "Dimitrijevic, Dragan"]
[Result "1-0"]
[WhiteElo "1848"]
[BlackElo "2037"]
[PlyCount "185"]
[EventDate "2007.01.23"]
[EventType "swiss"]
[EventRounds "5"]
[EventCountry "ENG"]
[SourceTitle "EXT 2008"]
[Source "ChessBase"]
[SourceDate "2007.11.25"]
[SourceVersion "1"]
[SourceVersionDate "2007.11.25"]
[SourceQuality "1"]

1. d4 Nf6 2. g3 c5 3. c3 Qb6 4. Bg2 g6 5. Nf3 cxd4 6. Qxd4 Qxd4 7. Nxd4 a6 8. 0-0 Bg7 9. Nd2 d5 10. e4 dxe4 11. Nxe4 Nxe4 12. Bxe4 Nd7 13. Be3 0-0 14. Nb3 Be5 15. Rfe1 Bd6 16. Rad1 Rb8 17. Ba7 Ra8 18. Be3 Nf6 19. Bf3 Bg4 20. Kg2 Bxf3+ 21. Kxf3 Rfc8 22. Bg5 Kg7 23. Bxf6+ Kxf6 24. Nd2 Bc7 25. Ne4+ Kg7 26. Rd7 Bd8 27. Rxb7 h6 28. Rd1 Kf8 29. g4 Rc4 30. b3 Rc6 31. c4 Bc7 32. h3 Ke8 33. Rd5 a5 34. a4 Kf8 35. Rc5 Rxc5 36. Nxc5 Bd6 37. Ne4 Bb4 38. Rb5 Rd8 39. Rd5 Rb8 40. Rd3 Ke8 41. Nc3 e6 42. Nb5 Ke7 43. Na7 Ra8 44. Nc6+ Ke8 45. Nxb4 axb4 46. Rd6 Rb8 47. Ke4 Ke7 48. Ra6 Rd8 49. Rb6 Rd2 50. Rxb4 Rxf2 51. a5 f5+ 52. gxf5 gxf5+ 53. Ke3 Ra2 54. Rb5 Kf6 55. c5 e5 56. a6 Kg5 57. h4+ Kxh4 58. Rb4+ f4+ 59. Ke4 Kg3 60. Ra4 Re2+ 61. Kf5 f3 62. a7 f2 63. Ra1 Ra2 64. Rxa2 f1Q+ 65. Kxe5 Qe1+ 66. Kd6 Qd1+ 67. Kc7 Qxb3 68. a8Q Qf7+ 69. Kd6 Qf6+ 70. Kd5 Qf5+ 71. Kc4 Qf1+ 72. Kb4 Qb1+ 73. Kc3 Qe1+ 74. Kc4 Qf1+ 75. Kd4 Qf6+ 76. Kd5 Qf5+ 77. Kd6 Qf6+ 78. Kc7 Qe7+ 79. Kb6 Qe6+ 80. c6 Qb3+ 81. Kc7 Qf7+ 82. Kb8 Qb3+ 83. Qb7 Qxa2 84. c7 Qc2 85. c8Q Qxc8+ 86. Kxc8 h5 87. Qh1 h4 88. Kd7 Kg4 89. Ke6 h3 90. Ke5 Kg3 91. Ke4 h2 92. Ke3 Kh3 93. Kf4 1-0

[Event "Leeds Civil Service-ch 9th"]
[Site "Leeds"]
[Date "1999.??.??"]
[Round "4"]
[White "Ashby, Anthony"]
[Black "Portman, Carl S"]
[Result "1/2-1/2"]
[WhiteElo "1980"]
[BlackElo "1820"]
[PlyCount "91"]
[EventDate "1999.??.??"]
[EventType "swiss"]
[EventRounds "5"]
[EventCountry "ENG"]
[SourceTitle "EXT 2000"]
[Source "ChessBase"]
[SourceDate "1999.11.16"]
[SourceVersion "1"]
[SourceVersionDate "1999.11.16"]
[SourceQuality "1"]

1. e4 e6 2. Nf3 d5 3. e5 c5 4. b4 cxb4 5. d4 Nc6 6. Bd3 Be7 7. 0-0 Bd7 8. a3 Qb6 9. Be3 Nh6 10. c4 bxc3 11. Nxc3 Na5 12. Rb1 Qc7 13. Nb5 Qb8 14. Qc1 Nc6 15. Bxh6 gxh6 16. Qxh6 a6 17. Qg7 Rf8 18. Nd6+ Bxd6 19. exd6 Qxd6 20. Rxb7 Qxa3 21. Bxh7 Na5 22. Rbb1 Nc4 23. Ne5 Nxe5 24. Qxe5 f6 25. Qc7 Rc8 26. Qf4 Ke7 27. Ra1 Qd6 28. Qxd6+ Kxd6 29. Rxa6+ Rc6 30. Rxc6+ Bxc6 31. f4 f5 32. Bg6 Be8 33. Bxe8 Rxe8 34. h3 Rc8 35. Rd1 Rc3 36. Kf2 Rc2+ 37. Kg3 Ke7 38. Rd3 Kf6 39. Kf3 Rc1 40. Ke3 Rg1 41. Kf2 Rc1 42. g4 fxg4 43. hxg4 Rc2+ 44. Kg3 Rc1 45. Kf2 Rc2+ 46. Kg3 1/2-1/2

[Event "Leeds Civil Service-ch 9th"]
[Site "Leeds"]
[Date "1999.??.??"]
[Round "1"]
[White "Portman, Carl S"]
[Black "Charter, MR."]
[Result "1/2-1/2"]
[WhiteElo "1820"]
[BlackElo "2045"]
[PlyCount "66"]
[EventDate "1999.??.??"]
[EventType "swiss"]
[EventRounds "5"]
[EventCountry "ENG"]
[SourceTitle "EXT 2000"]
[Source "ChessBase"]
[SourceDate "1999.11.16"]
[SourceVersion "1"]
[SourceVersionDate "1999.11.16"]
[SourceQuality "1"]

1. d4 d5 2. Nf3 Nf6 3. c4 e6 4. Nc3 c6 5. e3 Nbd7 6. Qc2 Bb4 7. a3 Bxc3+ 8. bxc3 Ne4 9. a4 Qa5 10. Bd2 Ndf6 11. cxd5 exd5 12. c4 Nxd2 13. Qxd2 Qxd2+ 14. Nxd2 0-0 15. Be2 Bf5 16. 0-0 Rfe8 17. cxd5 cxd5 18. Rfc1 Rac8 19. h3 Rc2 20. Rxc2 Bxc2 21. Bb5 Rc8 22. Rc1 Bf5 23. Rxc8+ Bxc8 24. Bd3 Kf8 25. f3 Ke7 26. Kf2 Bd7 27. Bc2 b5 28. a5 b4 29. e4 Bb5 30. Ke3 h6 31. g4 g5 32. Bb3 Bc6 33. Ba2 Bb7 1/2-1/2